| 000 | 00687nam a22001097a 4500 | ||
|---|---|---|---|
| 008 | 110608t xxu||||| |||| 00| 0 eng d | ||
| 010 | _aSCCAF:10 | ||
| 245 | _aSUPREME COURT CIVIL APPEAL NO. 7 of 1999 Joy Tumushabe and Another Vs M/S Anglo African LTD Another | ||
| 260 | _c1999 | ||
| 500 | _aCORAM: Wamzuzi ,C.J.,Oder , Tsekooko , Karokora and Kanyeihamba,JJ.S.C . | ||
| 500 | _aAppeal from the decision and others of the Court of Appeal at Kampala Kato , Mpanai - behegeine and Barko, J.J.A dated 5 day of November ,1999 in Civil Appeal No. 38 of 1997 confirming the decision and order of the High Court of Uganda at Kampala Ntabgoba, p.j dated 6 march ,1996 in Civil Suit No.79 of 1995 | ||
| 999 |
_c2497 _d2497 |
||